Ghana Players Biggest Transfers - Statistics

General Stats
  • This quiz has been taken 42 times
  • The average score is 53 of 186
Answer Stats
Player From Joined % Correct
DM Thomas Partey 20/21 Atletico Madrid Arsenal
97%
DM Michael Essien 05/06 Lyon Chelsea
94%
DM Michael Essien 03/04 Bastia Lyon
94%
AM Mohammed Kudus 23/24 Ajax West Ham United
94%
AM Mohammed Kudus 20/21 Nordsjaelland Ajax
94%
LW Andre Ayew 16/17 Swansea City West Ham United
91%
LW Andre Ayew 17/18 West Ham United Swansea City
91%
LW Andre Ayew 18/19 Swansea City Fenerbahce
91%
ST Jordan Ayew 15/16 Lorient Aston Villa
91%
ST Jordan Ayew 16/17 Aston Villa Swansea City
91%
ST Jordan Ayew 14/15 Marseille Lorient
91%
ST Jordan Ayew 19/20 Swansea City Crystal Palace
91%
ST Asamoah Gyan 10/11 Rennes Sunderland
89%
ST Asamoah Gyan 15/16 Al-Ain Shanghai SIPG
89%
ST Asamoah Gyan 08/09 Udinese Rennes
89%
ST Asamoah Gyan 12/13 Sunderland Al-Ain
89%
ST Asamoah Gyan 11/12 Sunderland Al-Ain
89%
LM Kwadwo Asamoah 12/13 Udinese Juventus
89%
LM Kwadwo Asamoah 09/10 Bellinzona Udinese
89%
ST Felix Afena-Gyan 22/23 Roma Cremonese
83%
AM Kevin-Prince Boateng 11/12 Genoa Milan
83%
AM Kevin-Prince Boateng 13/14 Milan Schalke
83%
AM Kevin-Prince Boateng 07/08 Hertha Berlin Tottenham Hotspur
83%
AM Kevin-Prince Boateng 10/11 Portsmouth Genoa
83%
AM Kevin-Prince Boateng 09/10 Tottenham Hotspur Portsmouth
83%
AM Kevin-Prince Boateng 10/11 Genoa Milan
83%
AM Kevin-Prince Boateng 19/20 Sassuolo Fiorentina
83%
AM Kevin-Prince Boateng 18/19 Sassuolo Barcelona
83%
DM Derek Boateng 11/12 Getafe Dnipro Dnipropetrovsk
80%
DM Derek Boateng 06/07 AIK Beitar Jerusalem
80%
LB Abdul Baba Rahman 15/16 Augsburg Chelsea
77%
LB Abdul Baba Rahman 14/15 Greuther Furth Augsburg
77%
LW Emmanuel Boateng 18/19 Levante Dalian Yifang
77%
LW Emmanuel Boateng 17/18 Moreirense Levante
77%
DM Nana Boateng 23/24 CFR Cluj Jeonbuk Hyundai
77%
CM Sulley Muntari 08/09 Portsmouth Inter Milan
63%
CM Sulley Muntari 07/08 Udinese Portsmouth
63%
CB Mohammed Salisu 23/24 Southampton Monaco
57%
CB Mohammed Salisu 20/21 Real Valladolid Southampton
57%
CB Daniel Amartey 15/16 Kobenhavn Leicester City
54%
CB Daniel Amartey 14/15 Djurgardens Kobenhavn
54%
LM Jeffrey Schlupp 16/17 Leicester City Crystal Palace
54%
LW Christian Atsu 17/18 Chelsea Newcastle United
49%
LW Christian Atsu 13/14 Porto Chelsea
49%
DM Ibrahim Sulemana 23/24 Hellas Verona Cagliari
46%
LW Kamaldeen Sulemana 22/23 Rennes Southampton
46%
LW Kamaldeen Sulemana 21/22 Nordsjaelland Rennes
46%
ST Emmanuel Yeboah 23/24 CFR Cluj Brondby
34%
ST Tony Yeboah 95/96 Eintracht Frankfurt Leeds United
34%
ST Tony Yeboah 97/98 Leeds United Hamburg
34%
ST Tony Yeboah 94/95 Eintracht Frankfurt Leeds United
34%
RW Yaw Yeboah 21/22 Wisla Krakow Columbus Crew
34%
CM Alfred Duncan 20/21 Sassuolo Fiorentina
31%
CM Alfred Duncan 16/17 Sampdoria Sassuolo
31%
CM Alfred Duncan 15/16 Inter Milan Sampdoria
31%
CM Alfred Duncan 19/20 Sassuolo Fiorentina
31%
CM Alfred Duncan 20/21 Fiorentina Cagliari
31%
ST Antoine Semenyo 22/23 Bristol City Bournemouth
31%
DM Stephen Appiah 05/06 Juventus Fenerbahce
31%
DM Stephen Appiah 03/04 Brescia Juventus
31%
DM Stephen Appiah 02/03 Parma Brescia
31%
CB John Mensah 08/09 Rennes Lyon
23%
CB John Mensah 09/10 Lyon Sunderland
23%
CB John Mensah 05/06 Chievo Verona Rennes
23%
RB Tariq Lamptey 19/20 Chelsea Brighton & Hove Albion
23%
CB Alexander Djiku 19/20 Caen Strasbourg
20%
CB Alexander Djiku 17/18 Bastia Caen
20%
AM Bernard Mensah 15/16 Vitoria Guimaraes Atletico Madrid
20%
AM Bernard Mensah 19/20 Atletr Kayserispor
20%
CB Kasim Adams 18/19 Young Boys Hoffenheim
20%
CB Kasim Adams 17/18 Mallorca Young Boys
20%
CB Kasim Adams 13/14 Leganes Mallorca
20%
DM Alhassan Wakaso 16/17 Rio Ave Lorient
17%
DM Elisha Owusu 19/20 Lyon Gent
17%
CB Eric Addo 99/00 Club Brugge PSV
17%
LW Ernest Nuamah 23/24 Nordsjaelland Molenbeek
17%
RB John Paintsil 08/09 West Ham United Fulham
17%
RB John Paintsil 06/07 Hapoel Tel Aviv West Ham United
17%
CB Joseph Aidoo 19/20 Genk Celta Vigo
17%
CB Joseph Aidoo 17/18 Hammarby Genk
17%
RW Joseph Paintsil 18/19 Tema Youth Genk
17%
CM Leonard Owusu 19/20 Ashdod Vancouver Whitecaps
17%
CM Mubarak Wakaso 13/14 Espanyol Rubin Kazan
17%
CM Mubarak Wakaso 19/20 Alaves Jiangsu Suning
17%
LW Quincy Owusu-Abeyie 09/10 Spartak Moscow Al-Sadd
17%
LW Quincy Owusu-Abeyie 05/06 Arsenal Spartak Moscow
17%
RW Samuel Owusu 19/20 Cukaricki Al-Fayha
17%
RW Albert Adomah 16/17 Middlesbrough Aston Villa
14%
ST Isaac Boakye 06/07 Arminia Bielefeld Wolfsburg
14%
ST Richmond Boakye 17/18 Crvena Zvezda Jiangsu Suning
14%
ST Richmond Boakye 12/13 Genoa Juventus
14%
ST Richmond Boakye 14/15 Juventus Atalanta
14%
ST Richmond Boakye 18/19 Jiangsu Suning Crvena Zvezda
14%
ST Richmond Boakye 16/17 Atalanta Latina
14%
ST Charles Amoah 00/01 St. Gallen Sturm Graz
11%
LW Frank Acheampong 17/18 Anderlecht Tianjin Teda
11%
LW Frank Acheampong 17/18 Anderlecht Tianjin Teda
11%
LW Frank Acheampong 13/14 Buriram United Anderlecht
11%
CB Isaac Vorsah 12/13 Hoffenheim RB Salzburg
11%
CB Issac Vorsah 08/09 Asante Kotoko Hoffenheim
11%
RW Issahaku Fatawu 21/22 Steadfast Sporting CP
11%
RW Kamal Sowah 21/22 Leicester City Club Brugge
11%
SS Majeed Waris 14/15 Spartak Moscow Trabzonspor
11%
SS Majeed Waris 18/19 Lorient Porto
11%
SS Majeed Waris 15/16 Trabzonspor Lorient
11%
SS Majeed Waris 12/13 Hacken Spartak Moscow
11%
SS Majeed Waris 20/21 Porto Strasbourg
11%
AM Opoku Agyemang 08/09 Sfaxien Al-Sadd
11%
RW Osman Bukari 22/23 Gent Crvena Zvezda
11%
RW Osman Bukari 20/21 Tencin Gent
11%
CM Alex Nyarko 00/01 Lens Everton
9%
CM Alex Nyarko 97/98 Basel Karlsruher
9%
DM Anthony Annan 10/11 Rosenborg Schalke
9%
DM Anthony Annan 08/09 Start Rosenborg
9%
ST Benjamin Tetteh 21/22 Sparta Prague Yeni Malatyaspor
9%
ST Benjamin Tetteh 23/24 Hull City Metz
9%
RB Denis Odoi 11/12 Sint-Truiden Anderlecht
9%
RB Denis Odoi 16/17 Lokeren Fulham
9%
RW Dominic Adiyiah 09/10 Fredrikstad Milan
9%
DM Ebenezer Ofori 16/17 AIK Stuttgart
9%
DM Enoch Adu 12/13 Nordsjaelland Club Brugge
9%
CM Godfred Donsah 16/17 Cagliari Bologna
9%
CM Godfred Donsah 14/15 Hellas Verona Cagliari
9%
CM Godfred Donsah 15/16 Cagliari Bologna
9%
ST Junior Agogo 08/09 Nottingham Forest Zamalek
9%
RW Kwadwo Opoku 23/24 Los Angeles Montreal
9%
CB Nicholas Opoku 18/19 Club Africain Udinese
9%
ST Prince Tagoe 11/12 Hoffenheim Bursaspor
9%
ST Prince Tagoe 06/07 Al-Ittihad Al-Shaab
9%
ST Prince Tagoe 07/08 Al-Shaab Al-Ettifaq
9%
ST Prince Tagoe 05/06 Hearts of Oak Al-Ittihad
9%
RW Ransford Konigsdorffer 22/23 Dynamo Dresden Hamburg
9%
ST Raphael Dwamena 18/19 Zurich Levante
9%
DM Salis Abdul Samed 22/23 Clermont Foot Lens
9%
CM Afriyie Acquah 15/16 Hoffenheim Torino
6%
CM Afriyie Acquah 12/13 Palermo Hoffenheim
6%
CM Afriyie Acquah 18/19 Torino Empoli
6%
ST Arthur Moses 98/99 Fortuna Dusseldorf Marseille
6%
RW Bernard Tekpetey 19/20 Paderborn Schalke
6%
RW Christopher Bonsu Baah 23/24 Sarpsborg Genk
6%
AM Daniel-Kofi Kyereh 22/23 St. Pauli Freiburg
6%
RW David Accam 14/15 Helsingborgs Chicago Fire
6%
RW David Accam 17/18 Chicago Fire Philadelphia Union
6%
RW Ernest Asante 18/19 Nordsjaelland Al-Jazira
6%
CB Lee Addy 11/12 Crvena Zvezda Dalian Aerbin
6%
LB Lumor Agbenyenu 17/18 Portimonense Sporting CP
6%
CM Majeed Ashimeru 21/22 RB Salzburg Anderlecht
6%
ST Peter Ofori-Quaye 97/98 Kalamata Olympiacos
6%
RB Samuel Inkoom 10/11 Basel Dnipro Dnipropetrovsk
6%
ST Yaw Preko 99/00 Gaziantepspor Fenerbahce
6%
ST Abdul-Aziz Yakubu 22/23 Vitoria Guimaraes Rio Ave
3%
CB Abdul Mumin 22/23 Vitoria Guimaraes Rayo Vallecano
3%
DM Ahmed Barusso 07/08 Rimini Roma
3%
CM Amidu Salifu 10/11 Vicenza Fiorentina
3%
ST Caleb Ekuban 21/22 Trabzonspor Genoa
3%
ST Caleb Ekuban 19/20 Leeds United Trabzonspor
3%
CM Clifford Aboagye 20/21 Tijuana Puebla
3%
LW Draman Haminu 07/08 Genclerbirligi Lokomotiv Moscow
3%
CM Edmund Hottor 09/10 Triestina Milan
3%
ST Emmanuel Clottey 12/13 Berekum Chelsea Esperance Tunis
3%
LW Emmanuel Gyasi 23/24 Spezia Empoli
3%
AM Emmanuel Toku 22/23 Botev Plovdiv OH Leuven
3%
RW Ibrahim Sadiq 23/24 Hacken AZ Alkmaar
3%
ST Ibrahim Salou 06/07 Zulte Waregem Club Brugge
3%
CB Illiasu Shilla 06/07 Asante Kotoko Saturn Ramenskoe
3%
RW Isaac Atanga 20/21 Nordsjaelland Cincinnati
3%
DM Isaac Cofie 13/14 Chievo Verona Genoa
3%
LW Ishmael Yartey 12/13 Benfica Sochaux
3%
LW Issah Abass 18/19 Olimpija Ljubljana Mainz
3%
CB Jerry Akaminko 12/13 Manisaspor Eskisehirspor
3%
ST John Antwi 14/15 Ismaily Al-Shabab
3%
ST John Antwi 19/20 El Makasa Pyramids
3%
CM Kingsley Sarfo 17/18 Sirius Malmo
3%
SS Mohammed Aminu 18/19 West African Football Academy Manchester City
3%
DM Mohammed Rabiu 13/14 Evian Thonon Kuban Krasnodar
3%
DM Mohammed Rabiu 11/12 Udinese Evian Thonon
3%
LW Nana Ampomah 19/20 Waasland-Beveren Fortuna Dusseldorf
3%
LB Nana Asare 09/10 Mechelen Utrecht
3%
RW Patrick Twumasi 18/19 Astana Alaves
3%
RW Patrick Twumasi 14/15 Spartaks Jurmala Astana
3%
CM Raman Chibsah 13/14 Parma Sassuolo
3%
CM Raman Chibsah 12/13 Juventus Parma
3%
CM Raman Chibsah 18/19 Benevento Frosinone
3%
CM Raman Chibsah 17/18 Sassuolo Benevento
3%
ST Samuel Afum 12/13 Smouha Young Boys
3%
DM Samuel Johnson 99/00 Gaziantepspor Fenerbahce
3%
No matching quizzes found
Score Distribution
Percent of People with Each Score
Percentile by Number Answered
Your Score History
You have not taken this quiz